000 00905nam a2200265Ia 4500
003 OSt
005 20221005110852.0
006 a|||||r|||| 00| 0
007 ta
008 221004b |||||||| |||| 00| 0 hin d
020 _a9788126726882 (hbk)
_cIndian Rupees 300
024 _a33695
037 _bGift, 25/09/2017,
_cTextual
040 _aCRL
_cCRL
_bhin
041 _2hin
_ahin
082 _aO152,1N607x, Q4
100 _aसिंह, सुधीर रंजन, ले.
245 0 _aमोक्षधरा
246 _aMokṣhadharā
260 _aनई दिल्ली
_bराजकमल प्रकाशन भारत
_c2014
300 _a135पृ0
_ccm.
650 _aहिन्दी कविता
942 _hO152,1N607x, Q4
_cTEXL
_2cc
999 _c1020130
_d1020130